Истины и парадоксы: Очерк логико-философских проблем физики микромира

Dades bibliogràfiques
Autor principal: Познер А. Р. Андрей Романович
Idioma:rus
Publicat: Москва, Политиздат, 1977
Col·lecció:Над чем работают, о чем спорят философы
Matèries:
Format: MixedMaterials Llibre
KOHA link:https://koha.lib.tpu.ru/cgi-bin/koha/opac-detail.pl?biblionumber=61431

MARC

LEADER 00000nam0a2200000 4500
001 61431
005 20231101211938.0
035 |a (RuTPU)RU\TPU\book\65013 
090 |a 61431 
100 |a 20040312d1977 k y0rusy50 ca 
101 0 |a rus 
102 |a RU 
105 |a y z 000zy 
200 1 |a Истины и парадоксы: Очерк логико-философских проблем физики микромира  |f А. Р. Познер 
210 |a Москва  |c Политиздат  |d 1977 
215 |a 256 с. 
225 1 |a Над чем работают, о чем спорят философы 
606 1 |a Физика  |x Философские проблемы  |2 stltpush  |3 (RuTPU)RU\TPU\subj\63714  |9 80692 
610 1 |a философия 
610 1 |a микромир 
675 |a 53:1  |v 3 
686 |a А513.4  |v LBC/SL-A  |2 rubbk 
700 1 |a Познер  |b А. Р.  |g Андрей Романович 
801 1 |a RU  |b 63413507  |c 20040312  |g PSBO 
801 2 |a RU  |b 63413507  |c 20190215  |g PSBO 
942 |c BK